CHEM in your world / (Record no. 1722)

000 -LEADER
fixed length control field 01175cam a2200337 a 4500
003 - CONTROL NUMBER IDENTIFIER
control field OSt
005 - DATE AND TIME OF LATEST TRANSACTION
control field 20220707122425.0
008 - FIXED-LENGTH DATA ELEMENTS--GENERAL INFORMATION
fixed length control field 091220s2011 caua 001 0 eng
020 ## - INTERNATIONAL STANDARD BOOK NUMBER
International Standard Book Number 9780538738217
020 ## - INTERNATIONAL STANDARD BOOK NUMBER
International Standard Book Number 0538738219
020 ## - INTERNATIONAL STANDARD BOOK NUMBER
International Standard Book Number 9780538494281 (access code card)
020 ## - INTERNATIONAL STANDARD BOOK NUMBER
International Standard Book Number 053849428X (access code card)
040 ## - CATALOGING SOURCE
Transcribing agency DLC
042 ## - AUTHENTICATION CODE
Authentication code pcc
050 00 - LIBRARY OF CONGRESS CALL NUMBER
Classification number QD33.2
Item number .J63 2011
100 1# - MAIN ENTRY--PERSONAL NAME
Personal name Joesten, Melvin D.
245 10 - TITLE STATEMENT
Title CHEM in your world /
Statement of responsibility, etc. Melvin Joesten, John Hogg.
250 ## - EDITION STATEMENT
Edition statement Student ed.
260 ## - PUBLICATION, DISTRIBUTION, ETC.
Place of publication, distribution, etc. Belmont, CA :
Name of publisher, distributor, etc. Brooks/Cole, Cengage Learning,
Date of publication, distribution, etc. c2011.
300 ## - PHYSICAL DESCRIPTION
Extent ix, 440 p. :
Other physical details col. ill. ;
Dimensions 28 cm.
500 ## - GENERAL NOTE
General note Cover title.
650 #0 - SUBJECT ADDED ENTRY--TOPICAL TERM
Topical term or geographic name entry element Chemistry
Form subdivision Textbooks.
700 1# - ADDED ENTRY--PERSONAL NAME
Personal name Hogg, John.
856 42 - ELECTRONIC LOCATION AND ACCESS
Uniform Resource Identifier http://www.loc.gov/catdir/enhancements/fy1214/2009943809-d.html
856 41 - ELECTRONIC LOCATION AND ACCESS
Uniform Resource Identifier http://www.loc.gov/catdir/enhancements/fy1214/2009943809-t.html
856 42 - ELECTRONIC LOCATION AND ACCESS
Uniform Resource Identifier http://www.loc.gov/catdir/enhancements/fy1303/2009943809-b.html
906 ## - LOCAL DATA ELEMENT F, LDF (RLIN)
a 7
b cbc
c origres
d 3
e ncip
f 20
g y-gencatlg
942 ## - ADDED ENTRY ELEMENTS (KOHA)
Source of classification or shelving scheme
Koha item type Book
Suppress in OPAC SO
Holdings
Withdrawn status Lost status Source of classification or shelving scheme Damaged status Not for loan Permanent Location Current Location Shelving location Date acquired Total Checkouts Full call number Barcode Date last seen Date last checked out Price effective from Koha item type Public note Source of acquisition Copy number
          AU LIBRARY AU LIBRARY Open Shelf 29.06.2021 4 QD33.2 .J638 2011 28000813 21.11.2023 12.10.2023 29.06.2021 Book SO    
          AU LIBRARY AU LIBRARY Open Shelf 20.04.2022   QD33.2 .J63 2011 C2 28008200 20.04.2022   20.04.2022 Book AB DONATION FROM MOI UNIVERSITY 2

Powered by Koha